Çiğdem Külahı (Record no. 3088)

000 -LEADER
fixed length control field 00461nam a22001817a 4500
008 - FIXED-LENGTH DATA ELEMENTS--GENERAL INFORMATION
fixed length control field 180720b xxu||||| |||| 00| | tur d
020 ## - INTERNATIONAL STANDARD BOOK NUMBER
International Standard Book Number 9789750712395
041 ## - LANGUAGE CODE
Language code of text/sound track or separate title Türkçe
050 ## - LIBRARY OF CONGRESS CALL NUMBER
Classification number PL248.B845
100 ## - MAIN ENTRY--PERSONAL NAME
Personal name Büke, Ahmet
9 (RLIN) 1216
245 ## - TITLE STATEMENT
Title Çiğdem Külahı
250 ## - EDITION STATEMENT
Edition statement 1. Baskı
260 ## - PUBLICATION, DISTRIBUTION, ETC.
Place of publication, distribution, etc. İstanbul;
Name of publisher, distributor, etc. Can Yayınları
Date of publication, distribution, etc. Kasım 2010
300 ## - PHYSICAL DESCRIPTION
Extent 133 Sayfa
500 ## - GENERAL NOTE
General note Can Yayınları: 1924
650 #0 - SUBJECT ADDED ENTRY--TOPICAL TERM
9 (RLIN) 145
Topical term or geographic name entry element Türk Edebiyatı
942 ## - ADDED ENTRY ELEMENTS (KOHA)
Source of classification or shelving scheme
Koha item type Books
Holdings
Withdrawn status Lost status Source of classification or shelving scheme Damaged status Not for loan Permanent Location Current Location Shelving location Date acquired Full call number Barcode Date last seen Price effective from Koha item type
        Ödünç verilemez İmren Ahmet Tüzün Kütüphanesi İmren Ahmet Tüzün Kütüphanesi Ahmet Tüzün 2019-03-14 PL248.B845 100100003073 2019-03-14 2019-03-14 Books
        Ödünç verilemez İmren Ahmet Tüzün Kütüphanesi İmren Ahmet Tüzün Kütüphanesi İmren Tüzün 2019-03-28 PL248.B845 100100003223 2019-03-28 2019-03-28 Books
        Ödünç verilemez İmren Ahmet Tüzün Kütüphanesi İmren Ahmet Tüzün Kütüphanesi İmren Tüzün 2019-04-29 PL248.B845 100100003335 2019-04-29 2019-04-29 Books

This software was implemented, installed and managed by Devinim Software Training Consulting .